| 000 | 01190cam a22002175a 4500 | ||
|---|---|---|---|
| 001 | L158031 | ||
| 008 | 140129s2014 xxk f 000 0 eng d | ||
| 035 | _a(Sirsi) u158031 | ||
| 041 | 0 | _aeng | |
| 110 | 2 | _aPWC | |
| 245 | 0 | 0 |
_aEmerging trends in real estate Europe 2014 _bReal estate returns _h[electronic resource] |
| 260 |
_aLondon _bPWC _c2014 |
||
| 520 | _aReviews trends in the European real estate market in 2014. Highlights economic factors affecting the real estate market, looks at capital investment, highlights markets to watch as signs of economic recovery are underway with Berlin, Munich, Frankfurt, Hamburg together with London leading the way. Assesses how demographic changes are affecting real estate. City by city breakdown on investment trends. Concludes with the results of a survey focusing on sustainability issues. | ||
| 590 | _aKA | ||
| 651 | 4 | _aEurope | |
| 690 |
_aCommercial property _96227 |
||
| 690 |
_aInvestments _96250 |
||
| 710 | 1 |
_aUrban Land Institute _93094 |
|
| 856 | 4 | 0 |
_uhttps://www.pwc.com/gx/en/asset-management/emerging-trends-real-estate/assets/real-estate-returns2014.pdf _zView the item free of charge from www.pwc.com website |
| 942 | _n0 | ||
| 999 |
_c115087 _d115087 |
||